Современные проблемы экономики АПК учебное пособие
В учебном пособии представлены основные подходы к решению актуальных проблем экономики агропромышленного комплекса. Рассмотрены вопросы, связанные с современным состоянием и проблемами развития АПК России. Предназначено для обучающихся направления подготовки 38.06.01 «Экономика», преподавателей, асп...
Сохранить в:
| Hovedforfatter: | |
|---|---|
| Andre forfattere: | |
| Format: | Книга |
| Sprog: | Russian |
| Udgivet: |
Краснодар
КубГАУ
2020
|
| Online adgang: | https://e.lanbook.com/book/492662 https://e.lanbook.com/img/cover/book/492662.jpg |
| Tags: |
Tilføj Tag
Ingen Tags, Vær først til at tagge denne postø!
|
| LEADER | 01816nam0a2200289 i 4500 | ||
|---|---|---|---|
| 001 | 492662 | ||
| 003 | RuSpLAN | ||
| 005 | 20250620190359.0 | ||
| 008 | 250620s2020 ru gs 000 0 rus | ||
| 020 | |a 978-5-907373-01-3 | ||
| 040 | |a RuSpLAN | ||
| 041 | 0 | |a rus | |
| 044 | |a ru | ||
| 080 | |a 338.436.33 (075.8) | ||
| 084 | |a 65.050 |2 rubbk | ||
| 245 | 0 | 0 | |a Современные проблемы экономики АПК |b учебное пособие |c Толмачѐв А. В.,Иванова И. Г. |
| 260 | |a Краснодар |b КубГАУ |c 2020 | ||
| 300 | |a 160 с. | ||
| 504 | |a Библиогр.: доступна в карточке книги, на сайте ЭБС Лань | ||
| 520 | 8 | |a В учебном пособии представлены основные подходы к решению актуальных проблем экономики агропромышленного комплекса. Рассмотрены вопросы, связанные с современным состоянием и проблемами развития АПК России. Предназначено для обучающихся направления подготовки 38.06.01 «Экономика», преподавателей, аспирантов, а так же лиц, интересующихся современными проблемами экономики в сельском хозяйстве. | |
| 521 | 8 | |a Книга из коллекции КубГАУ - Ветеринария и сельское хозяйство | |
| 521 | 8 | |a СЭБ | |
| 100 | 1 | |a Толмачѐв А. В. | |
| 700 | 1 | |a Иванова И. Г. | |
| 856 | 4 | |u https://e.lanbook.com/book/492662 | |
| 856 | 4 | 8 | |u https://e.lanbook.com/img/cover/book/492662.jpg |
| 953 | |a https://e.lanbook.com/img/cover/book/492662.jpg | ||